00347 2200145 4500001002100000005001500021035002000036245004500056100001900101300001200120260003500132082000800167084001400175990001200189INLIS00000000000235020250528104737 a0010-05250006421 aJourney ( Perjalanan ) /cDanielle Steel0 aDanielle Steel a408 hlm aJakarta :bPT. Gramedia,c2005 a813 a813 DAN j a0712644